Animal Crossing - les Villageois Lions [avec image] - Statistiques

Statistiques générales
  • Ce quiz a été pris 12 fois
  • Le résultat moyen est 4 sur 8
Statistiques - réponses
Par images Réponse % Correct
Léo
100%
Léonard
75%
Elvis
50%
Léopold
50%
Hercule
38%
Aimé
25%
Aziz
25%
Leandro
25%
Aucun quiz correspondant
Distribution des résultats
% des personnes avec chaque résultat
Percentile par nombre de réponses
Votre historique - résultats
Vous n’avez pas pris ce quiz